| 000 | 00769nam a22002057a 4500 | ||
|---|---|---|---|
| 999 |
_c6826 _d6826 |
||
| 003 | AR-CdUCM | ||
| 008 | 190319b ||||| |||| 00| 0 spa d | ||
| 040 |
_aMUNICIPALIDAD PROVINCIAL DEL CUSCO _cBIBLIOTECA MUNICIPAL DEL CUSCO |
||
| 082 |
_a109.74 / _bE93 |
||
| 110 |
_aUniversidad Nacional Autonoma de Mexico _96778 |
||
| 245 | _aEstudios de historia de la filosofía en México / | ||
| 260 |
_aMéxico : _bUniversitaria, _c1963. |
||
| 300 |
_a322 páginas ; _c23 cm. |
||
| 505 | _aContenido : El pensamiento prehispánico -- América -- La filosofía en México en los siglos XVI Y XVII -- La filosofía moderna en la nueva España ... | ||
| 650 |
_aHistoria _9136 |
||
| 650 |
_aFilosofía _9395 |
||
| 650 |
_aMéxico _918 |
||
| 942 |
_2ddc _cLIBROS |
||
| 945 | _arah | ||